المنهل الصافى والمستوفى بعد الوافى / (Record no. 59372)
[ view plain ]
| 000 -الفاتح | |
|---|---|
| حقل البيانات ثابتة الطول | 01013nam a2200217Ia 4500 |
| 005 - وقت وتاريخ اخر تعامل مع التسجيلة | |
| رقم الضبط | 20240530110218.0 |
| 008 - عناصر البيانات ثابتة الطول - معلومات عامة | |
| حقل البيانات ثابتة الطول | 140319s9999 xx 000 0 ara d |
| 040 ## - مصدر الفهرسة | |
| وكالة الفهرسة الأصلية | GCL / |
| وكالة النسخ | GCL |
| 082 04 - رقم تصنيف ديوى العشرى | |
| رقم التصنيف | 920.71/ |
| رقم المادة | ت م |
| 100 1# - المدخل الرئيسى - إسم شخصى | |
| الإسم الشخصى | ابن تغرى بردى : جمال الدين ابوالمحاسن يوسف البشبغاوى الظاهرى |
| 245 12 - بيان العنوان | |
| العنوان | المنهل الصافى والمستوفى بعد الوافى / |
| بيان المسئوليه,etc | يوسف بن تغرى بردى الاتابكى جمال الدين ابو المحاسن ؛ حققة ووضع حواشية نبيل محمد عبدالعزيز |
| 260 ## - PUBLICATION, DISTRIBUTION, ETC. (IMPRINT) | |
| تاريخ النشر أو التوزيع | 1988 |
| 300 ## - الوصف المادى | |
| التعداد | 10 مج ؛ |
| أبعاد الوعاء | 28 سم |
| 490 #0 - بيان السلسلة | |
| عنوان السلسلة | مركز تحقيق التراث. |
| 650 04 - المدخل الاضافى بالموضوع-مصطلح موضوعى | |
| مصطلح موضوعي | التاريخ الاسلامى |
| 650 07 - المدخل الاضافى بالموضوع-مصطلح موضوعى | |
| مصدر الرأس أو المصطلح | qrmak |
| مصطلح موضوعي | الحضارة الاسلامية |
| 650 07 - المدخل الاضافى بالموضوع-مصطلح موضوعى | |
| مصدر الرأس أو المصطلح | qrmak |
| مصطلح موضوعي | الرجال |
| التقسيم الفرعي الشكلي | تراجم |
| 700 0# - المدخل الاضافى - اسم شخصى | |
| الإسم الشخصى | نبيل محمد عبدالعزيز |
| الدور | محقق |
| 942 ## - عناصر المدخل الإضافي( كوها) | |
| مصدر التصنيف او مخطط الترفيف | Dewey Decimal Classification |
| Koha [default] item type | كتاب |
| 260 ## - PUBLICATION, DISTRIBUTION, ETC. (IMPRINT) | |
| -- | القاهرة : |
| -- | الهيئة المصرية العامة للكتاب ، |
| حالة التراجع | حالة الفقد | حالة تلف | ليس للاعارة | المكان المؤقت | الموقع الحالى | تاريخ الاكتساب | اجمالي اﻻعارات | رقم الطلب | الباركود | تاريخ اخر مشاهدة | تاريخ تفعيل السعر | نوع وعاء كوها | مصدر التصنيف او خطة الترفيف | موقع الترفيف |
|---|---|---|---|---|---|---|---|---|---|---|---|---|---|---|
| مكتبة القاهرة الكبرى | مكتبة القاهرة الكبرى | 03/26/2014 | 920.71\ت م | 154782 | 03/26/2014 | 03/26/2014 | المراجع | |||||||
| مكتبة القاهرة الكبرى | مكتبة القاهرة الكبرى | 03/26/2014 | 920.71\ت م | 154783 | 03/26/2014 | 03/26/2014 | المراجع | |||||||
| مكتبة القاهرة الكبرى | مكتبة القاهرة الكبرى | 03/26/2014 | 920.71\ت م | 154784 | 03/26/2014 | 03/26/2014 | المراجع | |||||||
| مكتبة القاهرة الكبرى | مكتبة القاهرة الكبرى | 03/26/2014 | 920.71\ت م | 154785 | 03/26/2014 | 03/26/2014 | المراجع | |||||||
| مكتبة القاهرة الكبرى | مكتبة القاهرة الكبرى | 03/26/2014 | 920.71\ت م | 154786 | 03/26/2014 | 03/26/2014 | المراجع | |||||||
| مكتبة القاهرة الكبرى | مكتبة القاهرة الكبرى | 03/26/2014 | 920.71\ت م | 154787 | 03/26/2014 | 03/26/2014 | المراجع | |||||||
| مكتبة القاهرة الكبرى | مكتبة القاهرة الكبرى | 12/09/2019 | 920.71/ ت م | 166789 | 12/09/2019 | 12/09/2019 | كتاب | ddc | القاعة الرئيسية | |||||
| مكتبة القاهرة الكبرى | مكتبة القاهرة الكبرى | 12/09/2019 | 920.71/ ت م | 166790 | 12/09/2019 | 12/09/2019 | كتاب | ddc | القاعة الرئيسية | |||||
| مكتبة القاهرة الكبرى | مكتبة القاهرة الكبرى | 12/09/2019 | 920.71/ ت م | 166791 | 12/09/2019 | 12/09/2019 | كتاب | ddc | القاعة الرئيسية | |||||
| مكتبة القاهرة الكبرى | مكتبة القاهرة الكبرى | 12/09/2019 | 920.71/ ت م | 166792 | 12/09/2019 | 12/09/2019 | كتاب | ddc | القاعة الرئيسية |

